000
00326nam a2200145Ia 4500
100
_a
Zaks/Rodany/ Lesea/A
942
_c
BK
654
_a
techniques
245
_a
Microcomputers Interfacing Techniques
260
_b
B.P.B.Pub.
_a
Delhi
_c
1986
082
_a
621.3
_b
Zak/Les
300
_a
456
546
_a
ENGLISH
999
_c
22878
_d
22878